Riconosci la Squadra di calcio - Quiz n°57 - Statistics

Statistiche generali
  • Questo quiz è stato fatto 9 volte
  • Il punteggio medio è 7 su 9
Statistiche sulle risposte
Indizio Risposta % Corretto
Titoli nazionali 1 Titolo d'Inghilterra
100%
Divisione nazionale 2023-2024 Prima
100%
Colori sociali Rosso, bianco
100%
Fondazione 1865
75%
Trofei internazionali 2 Coppe dei Campioni/Champions League
1 Supercoppe UEFA
1 Coppa anglo-scozzese
75%
Trofei nazionali 2 Coppe d'Inghilterra4 Coppe di Lega inglesi 1 Community Shield
75%
Capienza Stadio 30 445 posti
75%
Confederazione UEFA
75%
Squadra Nottingham Forest
50%
Nessun quiz corrispondente trovato
Distribuzione punteggi
Percentuale di utenti per punteggio
Percentile per numero di risposta
I tuoi punteggi nel tempo
Non hai fatto questo quiz